000
00250nam a22001217a 4500
008
181029b xxu||||| |||| 00| 0 eng d
041
_a
eng
080
_a
941
100
_a
17
101
_a
HIS
245
_a
Somalia
_c
Ricciuti, E.R
942
_2
udc
_c
BK
999
_c
51003
_d
51003